División política de América (Registro nro. 78907)

Detalles MARC
000 -ENCABEZADO
Número de control [NR] 00958nam a2200241Ia 4500
005 - FECHA Y HORA DE LA ÚLTIMA TRANSACCIÓN
control field 20191213124949.0
008 - DE LONGITUD FIJA DE DATOS DE ELEMENTOS - INFORMACIÓN GENERAL
Elementos de longitud fija [NR] 130821s xx a gr spa
040 ## - FUENTE DE CATALOGACION [NR]
Agencia de catalogación original [NR] Co-BoUCM
Quien Cataloga [Nuevo]
Quien Clasifica [Nuevo]
041 00 - CODIGO DE IDIOMA [R]
Código de idioma para texto/pista de sonido o título separado [R] Español
092 ## - SIGNATURA TOPOGRAFICA LOCAL
Número de clasificación local MAP 0110
245 00 - MENCION DE TITULO [NR]
Título [NR] División política de América
Parte restante del título [NR] Mapa físico de América
Mención de responsabilidad, etc. [NR] [Material Cartográfico]
255 ## - DATOS MATEMATICOS CARTOGRAFICOS [R]
Mención de escala [NR] Escala aproximada 1:18.000.000
260 ## - PUBLICACION, DISTRIBUCION, ETC. (PIE DE IMPRENTA) [R]
Lugar de publicación, distribución, etc. [R] [Lugar desconocido]
Nombre del editor, distribuidor, etc. [R] [Editorial desconocida]
Fecha de publicación, distribución, etc. [R] [fecha desconocida]
300 ## - DESCRIPCION FISICA [R]
Extensión [R] 2 mapas
Otros detalles físicos [NR] color, montados en un marco de madera
500 ## - NOTA GENERAL [R]
Nota general [NR] Donación UCM-C-ARRAYANES.
505 ## - NOTA DE CONTENIDO CON FORMATO PREESTABLECIDO [R]
Nota de contenido con formato preestablecido [NR] América en el mundo
650 ## - ASIENTO SECUNDARIO DE MATERIA - TERMINO TEMATICO [R]
Término temático o nombre geográfico como elemento de entrada [NR] Geografía física
Subdivisión geográfica [R] América
Subdivisión de forma [R] Mapas
9 (RLIN) 16348
651 ## - ASIENTO SECUNDARIO DE MATERIA - NOMBRE GEOGRAFICO [R]
Nombre geográfico [NR] América
Subdivisión de forma [R] Geografía
-- Mapas
9 (RLIN) 26749
651 ## - ASIENTO SECUNDARIO DE MATERIA - NOMBRE GEOGRAFICO [R]
Nombre geográfico [NR] América
Subdivisión general [R] divisiones administrativas y políticas
Subdivisión de forma [R] Mapas
9 (RLIN) 26749
690 ## - ASUNTO AGREGADO LOCAL DE ENTRADA - TÉRMINO TEMÁTICO (OCLC, RLIN)
Acceso temático local Geografía de América
9 (RLIN) 26498
740 0# - ASIENTO SECUNDARIO – TITULOS RELACIONADOS/ANALITICOS NO CONTROLADOS [R]
Título relacionado o analítico no controlado [NR] Mapa fisico de América
Medio físico [NR] [Material Cartográfico]
942 ## - ELEMENTOS DE ENTRADA AGREGADOS (KOHA)
Sistema de clasificación LOCAL
Tipo de ítem principal el descrito en 300a Material cartográfico
Tema principal Generalidades
Edición 1
Clasificación MAP 0110
Parte restante de la signatura top.
Existencias
Fecha de último préstamo Total préstamos Signatura topográfica Código de barras Última vez visto Ejemplar Price effective from Tipo de ítem Perdido Sistema de clasificación Dañado No prestable Tipo de ítem específico Suprimido Ubicación habitual Ubicación actual Localización Fecha de creación Forma de adquisición Costo
09/02/2012   MAP 0110 100124192 10/12/2025 Ej.1 03/02/2013 Mapa   LOCAL     Mapa   Claustro Claustro 2do piso   Donación 26000.00